LEADER 01143nam 2200337Ia 450 001 996383551203316 005 20221108104341.0 035 $a(CKB)1000000000594716 035 $a(EEBO)2240872164 035 $a(OCoLC)24334624 035 $a(EXLCZ)991000000000594716 100 $a19910905d1681 uy | 101 0 $aeng 135 $aurbn||||a|bb| 200 13$aAn essay upon the change of manners$b[electronic resource] $ebeing a second part of The true Protestants appeal to the city and country 210 $aLondon $cPrinted for H. Rodes ...$d1681 215 $a1 sheet (2 p.) 300 $aCaption title. 300 $aAttributed to John Nalson by Wing (2nd ed.). 300 $aImprint from colophon. 300 $aReproduction of original in Harvard University Library. 330 $aeebo-0062 606 $aPopish Plot, 1678 607 $aGreat Britain$xPolitics and government$y1660-1688 615 0$aPopish Plot, 1678. 700 $aNalson$b John$f1638?-1686.$01002098 801 2$bWaOLN 906 $aBOOK 912 $a996383551203316 996 $aAn essay upon the change of manners$92327421 997 $aUNISA